000 01968nam a22003373i 4500
001 991107634355006196
005 20260304145238.0
006 m o d |
007 cr cnu||||||||
008 251018s2025 xx o ||||0 eng d
020 _a9781804298107
035 _a(MiAaPQ)EBC31811879
035 _a(Au-PeEL)EBL31811879
035 _a(CKB)41646079900041
035 _a(OCoLC)1545643737
035 _a(EXLCZ)9941646079900041
040 _aMiAaPQ
_beng
_erda
_epn
_cMiAaPQ
_dMiAaPQ
041 _aEnglish
100 _aKurt, Seyda.
_926793
245 1 0 _aHate
_b: The Uses of a Powerful Emotion.
250 _aFirst edition
264 1 _aNew York :
_bVerso Books,
_c2025.
300 _a156 pages
520 _aWho is allowed to hate? Hatred, this grating, corrosive feeling, is omnipresent, roaring from the streets or whispered in bourgeois homes. It thrives in parliamentary speeches, conspiracy theorists' fantasies and children's bedrooms - and certainly not in secret, even if many would like to see it restricted there. German bestselling author Seyda Kurt frees hatred from its banishment and sets out on the trail of its potential for resistance. She is particularly interested in people as subjects of hatred in a capitalist, racist and patriarchal world. Who are these haters and what power relations do they base them selves on? Who is allowed to hate? Which feelings paralyse, and which ones guide us to a fairer, more caring society? Ruthlessly, humorously and going beyond any self-righteous indignation, Seyda Kurt explores the possibility of a serviceable hatred that connects with people who feel a deep sense of discontent and helps us to find a collective way forward.
650 0 _aHatred — Political aspects.
_926794
650 0 _aSocial conflict
_9355
650 0 _aPolitical culture
_925645
650 0 _aSocial justice — Philosophy.
_926796
650 0 _aEmotions — Social aspects.
_926795
942 _2lcc
999 _c5379
_d5379